| 000 | 01306nam a2200313 i 4500 | ||
|---|---|---|---|
| 003 | EG-GICUC | ||
| 005 | 20260130161946.0 | ||
| 008 | 260124s2001 ua ||||fr|||| 00| 0 ara d | ||
| 017 | _a2000/4826 | ||
| 020 | _a9770429236 | ||
| 040 |
_a EG-GICUC _bara _c EG-GICUC _d EG-GICUC _erda |
||
| 041 | _aara | ||
| 082 | 0 | 4 |
_221 _a343.397 _bج م . أ |
| 092 | 0 | 4 | _221 |
| 099 | _aLaw1 10 343.397 ج م . أ2001 | ||
| 100 | 0 |
_aجميل عبدالباقى الصغير _eمؤلف. |
|
| 245 | 1 | 0 |
_aأدلة الاثبات الجنائى والتكنولوجيا الحديثة (اجهزة الرادر - الحاسبات الألية - البصمة الوراثية) : _bدراسة مقارنة / _cللدكتور جميل عبدالباقى الصغير. |
| 264 | 1 |
_aالقاهرة : _bدار النهضة العربية، _c2001. |
|
| 300 |
_a140 صفحة ; _c24 سم. |
||
| 336 |
_2rda content _atext |
||
| 337 |
_2rda media _aComputer |
||
| 338 |
_2rda carrier _aOnline Resource |
||
| 504 | _aبشتمل على إرجاعات ببليوجرافية. | ||
| 650 | 1 | _aالقانون الجنائي | |
| 650 | 1 | _aالوسائل العلمية الحديثة والإثبات الجنائي | |
| 856 | 4 | 0 | _uhttps://fll.law.cu.edu.eg/fulltext/bks/B10-05973.pdf |
| 905 |
_a43 _eYara |
||
| 942 |
_2ddc _n0 _cBK _e21 |
||
| 999 |
_c59123 _d59123 |
||